Фазовое равновесие жидкость - пар в трёхкомпонентной системе UF6-IF5-BrF3 при полной взаимной растворимости компонентов; Известия Томского политехнического университета [Известия ТПУ]; Т. 311, № 3 : Химия

Bibliografiske detaljer
Parent link:Известия Томского политехнического университета [Известия ТПУ]/ Томский политехнический университет (ТПУ).— , 2000-
Т. 311, № 3 : Химия.— 2007.— [С. 48-52]
Andre forfattere: Жерин И. И. Иван Игнатьевич, Усов В. Ф. Владимир Фёдорович, Оствальд Р. В. Роман Вячеславович, Шагалов В. В. Владимир Владимирович, Гайдай И. В., Тюлюбаев З. М.
Summary:Заглавие с титульного листа
Электронная версия печатной публикации
Представлены результаты исследования фазового равновесия жидкость - пар при 353,15 К в системе гексафторид урана, пентафторид йода, трифторид брома. Приведены зависимости давления насыщенного пара от состава конденсированной фазы, результаты анализа отклонения изучаемой системы от идеального поведения, данные о равновесной паровой фазе.
Sprog:russisk
Udgivet: 2007
Serier:Химия
Fag:
Online adgang:http://www.lib.tpu.ru/fulltext/v/Bulletin_TPU/2007/v311/i3/11.pdf
Format: MixedMaterials Electronisk Book Chapter
KOHA link:https://koha.lib.tpu.ru/cgi-bin/koha/opac-detail.pl?biblionumber=172517

MARC

LEADER 00000naa2a2200000 4500
001 172517
005 20250826143551.0
035 |a (RuTPU)RU\TPU\book\187084 
035 |a RU\TPU\book\187079 
090 |a 172517 
100 |a 20091214d2007 k y0rusy50 ca 
101 0 |a rus 
102 |a RU 
135 |a drnn ---uucaa 
181 0 |a i  
182 0 |a b 
200 1 |a Фазовое равновесие жидкость - пар в трёхкомпонентной системе UF6-IF5-BrF3 при полной взаимной растворимости компонентов  |f И. И. Жерин [и др.] 
203 |a Текст  |c электронный 
215 |a 1 файл (1.9 Мб) 
225 1 |a Химия 
300 |a Заглавие с титульного листа 
300 |a Электронная версия печатной публикации 
320 |a [Библиогр.: с. 52 (7 назв.)] 
330 |a Представлены результаты исследования фазового равновесия жидкость - пар при 353,15 К в системе гексафторид урана, пентафторид йода, трифторид брома. Приведены зависимости давления насыщенного пара от состава конденсированной фазы, результаты анализа отклонения изучаемой системы от идеального поведения, данные о равновесной паровой фазе. 
337 |a Adobe Reader 
461 1 |0 (RuTPU)RU\TPU\book\176237  |t Известия Томского политехнического университета [Известия ТПУ]  |f Томский политехнический университет (ТПУ)  |d 2000- 
463 1 |0 (RuTPU)RU\TPU\book\187040  |x 1684-8519  |t Т. 311, № 3 : Химия  |v [С. 48-52]  |d 2007 
610 1 |a фазовое равновесие 
610 1 |a жидкость-пар 
610 1 |a растворимость 
610 1 |a компоненты 
610 1 |a исследования 
610 1 |a гексафторид урана 
610 1 |a пентафторид йода 
610 1 |a трифторид брома 
610 1 |a давление 
610 1 |a конденсированные фазы 
610 1 |a труды учёных ТПУ 
610 1 |a электронный ресурс 
701 1 |a Жерин  |b И. И.  |c российский химик  |c профессор Томского политехнического университета, доктор химических наук  |f 1955-  |g Иван Игнатьевич  |3 (RuTPU)RU\TPU\pers\25854  |9 11723 
701 1 |a Усов  |b В. Ф.  |c российский учёный в области химической технологии редких, рассеяных и радиоактивных элементов  |c доцент Томского политехнического университета  |f 1941-  |g Владимир Фёдорович  |3 (RuTPU)RU\TPU\pers\26569  |9 12258 
701 1 |a Оствальд  |b Р. В.  |c химик-технолог  |c доцент Томского политехнического университета, кандидат химических наук  |f 1980-  |g Роман Вячеславович  |3 (RuTPU)RU\TPU\pers\25864  |9 11732 
701 1 |a Шагалов  |b В. В.  |c химик  |c доцент Томского политехнического университета, кандидат химических наук  |f 1982-  |g Владимир Владимирович  |3 (RuTPU)RU\TPU\pers\25867  |9 11735 
701 1 |a Гайдай  |b И. В. 
701 1 |a Тюлюбаев  |b З. М. 
801 1 |a RU  |b 63413507  |c 20090623  |g PSBO 
801 2 |a RU  |b 63413507  |c 20141114  |g PSBO 
856 4 |u http://www.lib.tpu.ru/fulltext/v/Bulletin_TPU/2007/v311/i3/11.pdf 
942 |c CF